000 00739nam a2200205 i 4500
001 22546
003 ES-MaACL
005 20250809031656.0
007 t|
008 021203s1903 sp ||||1| spa d
100 1 _aAlvarez del Manzano y Alvarez Rivera, Faustino.
_920790
245 1 0 _aCurso de derecho mercantil filosófico, histórico y vigente
_b: (español y extranjero) /
_cpor Faustino Alvarez del Manzano y Alvarez Rivera.
250 _a2ª ed. corr. y aum.
260 _aMadrid :
_b[s.n.],
_c1903 (
_fVda. e Hijos de M. Tello)
300 _a1 v. ;
_c25 cm.
650 0 4 _aDerecho mercantil-
_zEspaña
_911735
650 4 _aDerecho mercantil-
_zEuropa.
_9154856
852 _aES-MaACL
_jB-5285
999 _c22546
_d22546